Wrong way- Sublime lyrics - Statistics

General Stats
  • This quiz has been taken 241 times
  • The average score is 252 of 326
Answer Stats
Answer % Correct
a
99%
i
99%
I
99%
it
99%
the
99%
way
99%
wrong
99%
to
98%
he
97%
her
96%
it's
96%
be
94%
ever
94%
no
94%
she
93%
and
91%
told
91%
Nobody
90%
old
89%
whore
89%
years
88%
12
87%
do
87%
i'm
87%
you
87%
dad
86%
make
86%
she'll
86%
that
86%
but
85%
so
85%
Annie's
84%
had
84%
when
84%
your
83%
all
82%
at
81%
can
81%
give
81%
in
81%
on
81%
family
80%
live
80%
tits
80%
brothers
79%
Don't
79%
don't
79%
drunk
79%
gave
79%
hard
79%
staring
79%
ass
78%
gonna
78%
makeup
78%
more
78%
two
78%
seven
77%
only
76%
was
76%
horny
75%
lips
75%
ruins
75%
run
75%
tears
75%
up
75%
chin
74%
get
74%
street
74%
between
73%
down
73%
laid
73%
afraid
72%
am
72%
cigarette
72%
day
72%
me
72%
paid
72%
put
72%
quickness
72%
want
71%
she's
70%
For
69%
going
69%
money
69%
needed
69%
man
68%
running
68%
everything
67%
fine
67%
met
67%
shoot
67%
i'll
66%
take
66%
is
64%
sad
64%
if
63%
are
62%
with
62%
never
61%
anything
60%
happy
59%
wanna
59%
we
55%
strong
54%
salty
53%
away
52%
what
50%
oh
49%
pressed
49%
till
49%
big
47%
right
47%
shit
46%
tight
46%
america
43%
night
43%
really
43%
stay
43%
some
41%
this
41%
tried
41%
got
40%
say
39%
time
39%
ain't
37%
believe
37%
sorry
37%
spend
37%
still
37%
very
37%
here
36%
cause
34%
straight
34%
talked
34%
like
32%
ran
32%
smears
32%
or
30%
took
30%
not
29%
brown
28%
eyes
28%
wants
28%
wouldn't
28%
because
25%
matter
25%
dubstyle
21%
of
21%
hike
20%
leaking
19%
whoa
16%
sieve
13%
No matching quizzes found
Score Distribution
Percent of People with Each Score
Percentile by Number Answered
Your Score History
You have not taken this quiz